Výkonnosť slovenskej ekonomiky
Ekonomický rast Slovenska sa v posledných rokoch vyvíjal najdynamickejšie spomedzi krajín strednej Európy a dosahoval niekoľkonásobne vyššie prírastky ako rast krajín EÚ.. Roky 2003, 2004 boli v znamení reforiem - na trhu práce, v sociálnom zabezpečení, zdravotníctve, vo verejných financiách, verejn...
Uložené v:
| Médium: | Kapitola |
|---|---|
| Jazyk: | Slovak |
| Predmet: | |
| Tagy: |
Žiadne tagy, Buďte prvý, kto otaguje tento záznam!
|
MARC
| LEADER | 00000naa$a2200000$$$4500 | ||
|---|---|---|---|
| 001 | 0030207 | ||
| 005 | 20231006120636.5 | ||
| 041 | 0 | |a slo | |
| 044 | |a SK | ||
| 245 | 1 | 0 | |a Výkonnosť slovenskej ekonomiky |
| 520 | |a Ekonomický rast Slovenska sa v posledných rokoch vyvíjal najdynamickejšie spomedzi krajín strednej Európy a dosahoval niekoľkonásobne vyššie prírastky ako rast krajín EÚ.. Roky 2003, 2004 boli v znamení reforiem - na trhu práce, v sociálnom zabezpečení, zdravotníctve, vo verejných financiách, verejnej správe, zavedenie jednotnej dane z príjmu, jednotnej sadzby DPH, zavádzanie nového dôchodkového systému. Nevyhnutnosť reformných krokov v školstve. Narastanie spotreby. Zdroje rastu HDP. Bilancia obchodu. Význam zahraničných trhov pre Slovensko. | ||
| 610 | 2 | 0 | |a výkonnosť ekonomiky |
| 610 | 2 | 0 | |a rast hospodársky |
| 610 | 2 | 0 | |a Slovensko |
| 610 | 2 | 0 | |a reformy |
| 610 | 2 | 0 | |a produkt domáci hrubý |
| 610 | 2 | 0 | |a spotreba |
| 610 | 2 | 0 | |a bilancia obchodná |